Statistiche per Top 15 marcatori Serie A - 2021/22

Clicka qui per fare il quiz!

Statistiche generali

  • Questo quiz è stato fatto 223 volte
  • Il punteggio medio è 9 su 15

Statistiche sulle risposte

GoalGiocatore% Corretto
27Ciro Immobile
97%
21Lautaro Martinez
94%
24Dusan Vlahovic
92%
17Tammy Abraham
76%
14Victor Osimhen
71%
13Edin Dzeko
69%
15Domenico Berardi
66%
16Gianluca Scamacca
52%
17Giovanni Simeone
51%
13Joao Pedro
39%
14Marko Arnautovic
39%
12Gianluca Caprari
37%
13Andrea Pinamonti
30%
13Gerard Deulofeu
24%
13Mario Pasalic
20%

Distribuzione punteggi

Percentile per numero di risposta

Percentuale di utenti per punteggio

I tuoi punteggi nel tempo

Non hai fatto questo quiz